000 00605cam a2200229 a 4500
001 3840084
005 20180215070005.0
008 870423s1988 njua b 001 0 eng c
010 _a 87012550
020 _a0137325533 :
_c$27.00
040 _aDNLM/DLC
_cDLC
_dDLC
041 _aeng
060 _aWZ 345 T147p
080 _a808.066616021 TAL
082 0 0 _a808.066616021 TAL
_219
100 1 _a48
101 _aPSI
245 1 0 _aPsychological report writing /
_cNorman Tallent.
504 _aBibliography: p. 245-263.
906 _a7
_bcbc
_corignew
_d1
_eocip
_f19
_gy-gencatlg
942 _2ddc
_cBK
999 _c42650
_d42650